| 000 | 00971nam a2200277 a 4500 | ||
|---|---|---|---|
| 001 | BRL_1411 | ||
| 005 | 20190320211206.0 | ||
| 008 | 130114s1975----u--a######---#101-0#eng-# | ||
| 041 | _aeng | ||
| 044 | _au | ||
| 050 | 4 |
_aTS1306.A1 _b.I74 1975 |
|
| 111 | 2 |
_aIrene Emery Roundtable on Museum Textiles _cWashington, D.C. _e1974 _926810 |
|
| 245 | 1 | 0 |
_aArchaeological textiles _b1974 proceedings _cIrene Emery Roundtable on Museum Textiles ; edited by Patricia L. Fiske. |
| 260 |
_aWashington, D.C. _bThe Textile Museum _c1975 |
||
| 300 |
_aiii, 211 p. _bil. _c28 cm |
||
| 500 | _aAu1669 | ||
| 650 | 1 | 4 |
_aTelas _vCongresos _xColeccionistas y colecciones _926811 |
| 650 | 1 | 4 |
_aTelas antiguas _vCongresos _926812 |
| 650 | 1 | 4 |
_aTelas prehistóricas _vCongresos _926813 |
| 650 | 1 | 4 |
_aTextiles _vCongresos _926814 |
| 700 | 1 |
_aEmery, Irene _926645 |
|
| 700 | 1 |
_aFiske, Patricia L. _926815 |
|
| 710 | 2 |
_aTextile Museum (Washington, D.C.) _926437 |
|
| 902 | _aGRL | ||
| 942 |
_2lcc _cB |
||
| 999 |
_c10221 _d10221 |
||